|
|
|
|
| LEADER |
00000nab a2200000 a 4500 |
| 001 |
vtls000483165 |
| 003 |
SK-MaSNL |
| 005 |
20260318124723.0 |
| 008 |
220423c1990 xo 0 eng |
| 015 |
|
|
|a SNBRA19rr/mm-uuuuu
|
| 035 |
|
|
|a CL0483300
|
| 040 |
|
|
|a SNKBUCL
|b slo
|c SNKBUCL
|e AACR2
|
| 041 |
0 |
|
|a eng
|
| 044 |
|
|
|a xo
|c SK
|
| 080 |
|
|
|a 582.572.225:581.8:575.2
|2 1981
|
| 080 |
|
|
|a 581.8
|2 1981
|
| 080 |
|
|
|a 575.2
|2 1981
|
| 100 |
1 |
|
|a Dúhová, V.
|4 aut
|9 523084
|
| 245 |
1 |
0 |
|a Cytogenetic Effect of Nitrosoethylurea (NEU) and Sodium Azide (SA) on Garlic (Allium sativum L.)
|c V. Dúhová, M. Miklovičová, B. Böhmová
|
| 300 |
|
|
|b Tab. 3, res. angl., rus., slov., lit. 13 zázn. v angl., češ., ruš., slov.
|
| 650 |
0 |
7 |
|a cesnak kuchynský
|2 snkbucl
|9 100779
|
| 650 |
0 |
7 |
|a meristém
|2 snkbucl
|9 1291282
|
| 650 |
0 |
7 |
|a nitrózoetylmočovina
|2 snkbucl
|9 930282
|
| 650 |
0 |
7 |
|a azid sodný
|2 snkbucl
|9 930281
|
| 655 |
|
7 |
|a články zo zborníkov
|2 snkbucl
|9 166140
|
| 700 |
1 |
|
|a Miklovičová, M.
|4 aut
|9 674433
|
| 700 |
1 |
|
|a Böhmová, B.
|4 aut
|9 930280
|
| 773 |
0 |
|
|t Acta Facultatis rerum naturalium Universitatis Comenianae
|d Bratislava : Slovenské pedagogické nakladateľstvo, 1990
|g S. 31-38
|z 8008007443
|
| 850 |
|
|
|a Slovenská národná knižnica v Martine
|a MTA001
|
| 852 |
|
|
|a SNK
|b KIS3GCP
|
| 958 |
|
|
|a NB
|
| 958 |
|
|
|a RK
|
| 958 |
|
|
|a ME
|
| 992 |
|
|
|a RZB
|
| 999 |
|
|
|c 2568967
|d 2570897
|